| 000 | 00531nam a2200193 a 4500 | ||
|---|---|---|---|
| 005 | 20240920063917.0 | ||
| 008 | 991125s1979 es 000 0 spa u | ||
| 020 | _a8427703872 | ||
| 035 | _aUPN01000057828 | ||
| 049 | _aCG | ||
| 050 | 4 |
_aLC5215 _bL3.88 |
|
| 100 | 1 | _aLabelle, J. M. | |
| 245 | 1 | 0 |
_aUniversidad y educación de adultos / _cJ. M. Labelle ; tr. Jeanine Lory. |
| 260 |
_aMadrid : _bNarcea, _c1979. |
||
| 300 |
_a224 p. : _bil. |
||
| 440 | 0 | _aEducación hoy | |
| 650 | 4 |
_aEducación de adultos _9956 |
|
| 905 | _aLibro | ||
| 999 |
_c57828 _d57828 |
||